<?xml version="1.0" encoding="UTF-8"?>
<collection xmlns="http://www.loc.gov/MARC21/slim">
  <record>
    <leader>00000nam  2200000   4500</leader>
    <controlfield tag="001">INLIS000000000020451</controlfield>
    <controlfield tag="005">20250630103610</controlfield>
    <datafield tag="035" ind1="#" ind2="#">
      <subfield code="a">0010-0625000193</subfield>
    </datafield>
    <controlfield tag="007">ta</controlfield>
    <controlfield tag="008">250630################|##########|#|##</controlfield>
    <datafield tag="084" ind1="#" ind2="#">
      <subfield code="a">R 138 PKN II 2023</subfield>
    </datafield>
    <datafield tag="100" ind1=" " ind2="#">
      <subfield code="a">Moh Shalehuddin Akbar</subfield>
    </datafield>
    <datafield tag="245" ind1="1" ind2="#">
      <subfield code="a">Strategi Peningkatan Kepatuhan Pelaporan Penyedia Barang Jasa (PBJ) Kepada PPATK /</subfield>
      <subfield code="c">Moh Shalehuddin Akbar</subfield>
    </datafield>
    <datafield tag="260" ind1="#" ind2="#">
      <subfield code="a">Jakarta :</subfield>
      <subfield code="b">Pusbangkom Pimnas dan Manajerial ASN,</subfield>
      <subfield code="c">2023</subfield>
    </datafield>
    <datafield tag="300" ind1="#" ind2="#">
      <subfield code="a">40 hlm. ;</subfield>
      <subfield code="c">30 cm</subfield>
    </datafield>
    <datafield tag="650" ind1="#" ind2="4">
      <subfield code="a">Pelaporan barang</subfield>
    </datafield>
    <datafield tag="520" ind1="#" ind2="#">
      <subfield code="a">Financial Action Task Force (FATF) mengembangkan standar internasional untuk pencegahan pencucian uang dan pendanaan terorisme yang kemudian dikenal dengan Rekomendasi FATF. Rekomendasi FATF menetapkan kerangka kerja yang berfungsi sebagai pedoman bagi negara-negara untuk kemudian dapat diadopsi dan dilaksanakan melalui undang-undang dan kebijakan terkait pencegahan pencucian uang dan pendanaan terorisme. Rekomendasi FATF menyebutkan bahwa suatu negara perlu memastikan bahwa terdapat bermacam sanksi proporsional dan menimbulkan deterrent effect atau bersifat disuasif. Adapun dalam kenyataannya, pengenaan sanksi oleh PPATK belum optimal karena hanya memberikan sanksi berupa peringatan tertulis atau pengumuman kepada publik yang tidak terlalu menimbulkan deterrent effect.</subfield>
    </datafield>
    <datafield tag="990" ind1="#" ind2="#">
      <subfield code="a">2407138</subfield>
    </datafield>
  </record>
</collection>
